|
|
|
|
| LEADER |
00712nem a22002052a 4500 |
| 001 |
000222793 |
| 003 |
CZ BrMZK |
| 005 |
19970103143423.0 |
| 008 |
970103s1988 xr f cze d |
| 040 |
|
|
|a BOA001
|b cze
|
| 080 |
|
|
|a 912(437.1) Františkovy lázně
|2 MRF
|
| 245 |
0 |
0 |
|a Františkovy Lázně
|h [kartografický dokument] /
|c odpovědná redaktorka Jarmila Samková
|
| 250 |
|
|
|a 2. vyd.
|
| 255 |
|
|
|a Měř. 1:10 000
|
| 260 |
|
|
|a Praha :
|b Geodetický a kartografický podnik,
|c 1988
|
| 300 |
|
|
|a 1 list. ;
|c 42x73 cm
|
| 700 |
1 |
|
|a Samková, Jarmila
|7 mzk2009544233
|
| 910 |
|
|
|a BOA001
|b TK-0239.011
|
| 990 |
|
|
|a MP
|
| 996 |
7 |
|
|b 2629996202
|c TK-0239.011
|l MZK
|r Sklad / do 24 hodin
|n 1
|w 000222793
|u 000010
|a 1
|e BOA001
|j MZK50
|s A
|